000 01515 a2200253 4500
003 Nust
005 20220802133526.0
010 _a 2006285503
020 _a0863413293 (cased)
035 _a(OCoLC)ocm56460597
040 _cNust
082 0 4 _a620.82,HUM
245 0 0 _aHuman factors for engineers
_cedited by Carl Sandom and Roger S. Harvey.
260 _aLondon :
_bInstitution of Electrical Engineers,
_cc2004.
300 _axxvi, 361 p. :
_bill. ;
_c24 cm.
505 0 0 _tHuman factors and cost benefits (Page-1), Human factors integration (Page-11), Humans: skills, capabilities and limitations (Page-35), The human factors toolkit (Page-57), Task analysis (Page-81),Automation and human work (Page-113), To engineer is to err (Page-137), Qualitative and quantitative evaluation of human error in risk assessment (Page-151), Control room design (Page-203), Human-computer interfaces : a principled approach to design (Page-235), Usability (Page-257), HF verification and validation (V&V) (Page-287), The application of simulators in systems evaluation (Page-317), Safety assessment and human factors (Page-333).
650 0 _aHuman engineering.
_92301
700 1 _aHarvey, Roger S.
_996293
700 1 _aSandom, Carl.
_996294
710 2 _aInstitution of Electrical Engineers.
856 4 2 _3Publisher description
_uhttp://www.loc.gov/catdir/enhancements/fy0651/2006285503-d.html
856 4 2 _3Table of contents only
_uhttp://www.loc.gov/catdir/enhancements/fy0651/2006285503-t.html
942 _2ddc
_cBK
999 _c178431
_d178431